书目信息 |
| 题名: |
2008年度中国最佳科幻小说集
|
|
| 作者: | 吴岩 主编 | |
| 分册: | ||
| 出版信息: | 成都 四川人民出版社 2009.01 |
|
| 页数: | 341页 | |
| 开本: | 21cm | |
| 丛书名: | ||
| 单 册: | ||
| 中图分类: | I247.7 | |
| 科图分类: | ||
| 主题词: | 科学幻想小说--ke xue huan xiang xiao shuo--中国--2007--选集 | |
| 电子资源: | ||
| ISBN: | 978-7-220-07740-1 | |
| 000 | 00995nam0 2200241 450 | |
| 001 | 012010166938 | |
| 005 | 20100102135658.00 | |
| 010 | @a978-7-220-07740-1@dCNY26.00 | |
| 100 | @a20100102d2009 em y0chiy0120 ea | |
| 101 | 0 | @achi |
| 102 | @aCN@b510000 | |
| 105 | @ay z 000ay | |
| 106 | @ar | |
| 200 | 1 | @a2008年度中国最佳科幻小说集@A2008 nian du zhong guo zui jia ke huan xiao shuo ji@f吴岩主编@Fwu yan zhu bian |
| 210 | @a成都@c四川人民出版社@d2009.01 | |
| 215 | @a341页@d21cm | |
| 330 | @a本书从《科幻世界》《九州幻想》《科幻大王》等幻想文学刊物上精选年度科幻小说佳作十余篇,配以作者的创作感言及编选者的精彩点评,从独特的视角勾勒出2008年中国科幻文学的整体风貌,对2008年中国科幻文学的发展历程进行了全面回顾。 | |
| 517 | 1 | @a中国最佳科幻小说集@Azhong guo zui jia ke huan xiao shuo ji |
| 606 | 0 | @a科学幻想小说@Ake xue huan xiang xiao shuo@y中国@z2007@j选集 |
| 690 | @aI247.7@v4 | |
| 701 | 0 | @a吴岩@Awu yan@4主编 |
| 801 | 0 | @aCN@bQSSK@c20100102 |
| 905 | @b769674-76@dI247.7@eW915@f3 | |
| 2008年度中国最佳科幻小说集/吴岩主编.-成都:四川人民出版社,2009.01 |
| 341页;21cm |
| ISBN 978-7-220-07740-1:CNY26.00 |
| 本书从《科幻世界》《九州幻想》《科幻大王》等幻想文学刊物上精选年度科幻小说佳作十余篇,配以作者的创作感言及编选者的精彩点评,从独特的视角勾勒出2008年中国科幻文学的整体风貌,对2008年中国科幻文学的发展历程进行了全面回顾。 |
| ● |
| 相关链接 |
|
|
|
正题名:2008年度中国最佳科幻小说集
索取号:I247.7/W915
 
预约/预借
| 序号 | 登录号 | 条形码 | 馆藏地/架位号 | 状态 | 备注 |
| 1 | 769674 | 207696741 | 文学库108/108文学库 60排11列5层/ [索取号:I247.7/W915] | 在馆 | |
| 2 | 769675 | 207696750 | 文学库108/108文学库 60排11列5层/ [索取号:I247.7/W915] | 在馆 | |
| 3 | 769676 | 207696769 | 文学库108/108文学库 60排11列5层/ [索取号:I247.7/W915] | 在馆 |